UBT Library

The kitchen idea book / (Record no. 45003)

000 -LEADER
fixed length control field 00682cam a2200229 a 4500
001 - CONTROL NUMBER
control field 4508403
005 - DATE AND TIME OF LATEST TRANSACTION
control field 20180314080836.0
008 - FIXED-LENGTH DATA ELEMENTS--GENERAL INFORMATION
fixed length control field 980826s1999 ctua b 001 0 eng
010 ## - LIBRARY OF CONGRESS CONTROL NUMBER
LC control number 98041873
020 ## - INTERNATIONAL STANDARD BOOK NUMBER
International Standard Book Number 1561581615
040 ## - CATALOGING SOURCE
Original cataloging agency DLC
Transcribing agency DLC
Modifying agency DLC
041 ## - LANGUAGE CODE
Language code of text/sound track or separate title eng
080 ## - UNIVERSAL DECIMAL CLASSIFICATION NUMBER
Universal Decimal Classification number 643.3 KEL
082 00 - DEWEY DECIMAL CLASSIFICATION NUMBER
Classification number 643.3 KEL
Edition number 21
100 1# - Rafti
Rafti 41
101 ## - Shkurtesa
Shkurtesa NDE
245 14 - TITLE STATEMENT
Title The kitchen idea book /
Statement of responsibility, etc Joanne Kellar Bouknight.
504 ## - BIBLIOGRAPHY, ETC. NOTE
Bibliography, etc Includes bibliographical references.
906 ## - LOCAL DATA ELEMENT F, LDF (RLIN)
a 7
b cbc
c orignew
d 1
e ocip
f 19
g y-gencatlg
942 ## - ADDED ENTRY ELEMENTS (KOHA)
Source of classification or shelving scheme
Item type Books
Holdings
Withdrawn status Lost status Source of classification or shelving scheme Damaged status Not for loan Collection code Permanent location Current location Shelving location Date acquired Total Checkouts Full call number Barcode Date last seen Price effective from Koha item type
          Koleksioni i përgjithshem UBT - Lipjan UBT - Lipjan Koleksioni i përgjithshem 03/14/2018   643.3 KEL 002-3001795 03/14/2018 03/14/2018 Books
UBT Library © 2015-2024. All rights reserved University Education for Business and Technology